<?xml version="1.0" encoding="UTF-8"?>
<marc:record xmlns:marc="http://www.loc.gov/MARC21/slim">
   <marc:leader>00000nam a2200000 a 4500</marc:leader>
   <marc:datafield ind1="1" ind2=" " tag="100">
      <marc:subfield code="a">Hula, Saskia</marc:subfield>
      <marc:subfield code="4">aut</marc:subfield>
      <marc:subfield code="e">Verfasser/-in</marc:subfield>
   </marc:datafield>
   <marc:datafield ind1=" " ind2=" " tag="653">
      <marc:subfield code="a">Erstlesebuch</marc:subfield>
   </marc:datafield>
   <marc:datafield ind1=" " ind2=" " tag="653">
      <marc:subfield code="a">Antolin Klasse-1</marc:subfield>
   </marc:datafield>
   <marc:datafield ind1=" " ind2=" " tag="653">
      <marc:subfield code="a">Großbuchstaben</marc:subfield>
   </marc:datafield>
   <marc:datafield ind1=" " ind2=" " tag="653">
      <marc:subfield code="a">Erstleser1</marc:subfield>
   </marc:datafield>
   <marc:datafield ind1="0" ind2="0" tag="245">
      <marc:subfield code="a">Ein Nilpferd in der Badewanne</marc:subfield>
   </marc:datafield>
   <marc:datafield ind1=" " ind2="1" tag="264">
      <marc:subfield code="b">Ravensburger Buchverlag</marc:subfield>
      <marc:subfield code="c">2018</marc:subfield>
   </marc:datafield>
   <marc:datafield ind1="1" ind2=" " tag="490">
      <marc:subfield code="a">Leserabe</marc:subfield>
   </marc:datafield>
   <marc:datafield ind1="1" ind2=" " tag="520">
      <marc:subfield code="a">Willi möchte nicht zur Schule gehen. Immer müssen alle brav sein, wie langweilig! Und der Platz neben ihm ist auch noch frei. Das ändert sich, als eines Tages ein Nilpferd in der Wanne sitzt und mit in die Schule geht. Endlich hat Willi einen Nachbarn! Und das Nilpferd ist alles andere als brav. Die Lehrerin eilt deshalb zum Direktor. Doch als sie zurückkommen, ist das Nilpferd weg. Schade, aber nun setzt sich ein Junge neben Willi.

Die Kinderbücher der Reihe Leserabe – 1. Lesestufe wurden mit Pädagogen entwickelt und richten sich an Kinder ab 6 Jahren. Die einfachen Texte in großer Fibelschrift sind leicht zu bewältigen. Nach jedem Kapitel und jedem Rätsel darf ein lustiger Belohnungssticker eingeklebt werden. Der Leseerfolg wird damit direkt belohnt! So wird Lesenlernen zum Kinderspiel!
</marc:subfield>
   </marc:datafield>
   <marc:datafield ind1=" " ind2=" " tag="020">
      <marc:subfield code="a">9783473365494</marc:subfield>
      <marc:subfield code="9">9783473365494</marc:subfield>
   </marc:datafield>
</marc:record>
